Regulación natural de la natalidad : (Registro nro. 13193)

Detalles MARC
000 -LIDER
fixed length control field 01041nam a22002657a 4500
003 - IDENTIFICACDOR DE NÚMERO DE CONTROL
control field DO-SdBNP
005 - DATE AND TIME OF LATEST TRANSACTION
control field 20171129094900.0
008 - ELEMENTOS DE LONGITUD FIJA
fixed length control field 171129b 1976 sp ||||| |||| 00| 0 spa d
020 ## - ISBN
International Standard Book Number 8429310274
040 ## - FUENTE DE CATALOGACIÓN
Agencia que crea de manera original el registro BPMSU
Idioma de catalogación spa
Agencia que realiza la transcripción BPMSU
092 ## - LOCALLY ASSIGNED DEWEY DECIMAL CALL NUMBER
Número de clasificación xxxx
Número de ítem (Cutter) xxxx
100 1# - ASIENTO PRINCIPAL -- NOMBRE PERSONAL
Nombre personal Billings, John .
Fechas asociadas con el nombre 1918-2007.
240 10 - TITULO UNIFORME
Título uniforme The ovulation method
Idioma de una obra Español
245 10 - MENCIÓN DE TITULO
Título Regulación natural de la natalidad :
Subtítulo método de la ovulación : para obtener o evitar un embarazo usando una técnica natural, segura, de fácil práctica y moralmente lícita /
Mención de responsabilidad por el Dr. John Billings , traducción de Gonzalo Higuera
250 ## - MENCIÓN DE EDICION
Mención de edición 2a ed.
260 ## - PUBLICACIÓN, DISTRIBUCIÓN, ETC. (PIE DE IMPRENTA)
Lugar de publicación, distribución, etc Santander :
Nombre del editor, distribuidor, etc. Sal Terrae,
Fecha de publicación, distribución, etc 1976.
300 ## - DESCRIPCIÓN FÍSICA
Extensión 95 p. : i
Otros detalles físicos il. ;
Dimensiones 22 cm.
500 ## - NOTA GENERAL
Nota general Incluye datos biográficos del autor en la solapa de la contracubierta.
504 ## - NOTA DE BIBLIOGRAFÍA, ETC.
Bibliography, etc Bibliografía : p. 79-80
650 4# - ENCABEZAMIENTO DE MATERIA--TEMÁTICO
Término temático o nombre geográfico como elemento de entrada Control de natalidad
700 12 - ASIENTO SECUNDARIO -- NOMBRE PERSONAL
Nombre personal Higuera, Gonzalo,
Mención de responsabilidad tr.
942 ## - ADDED ENTRY ELEMENTS (KOHA)
Source of classification or shelving scheme Dewey Decimal Classification
Koha item type Libros
945 ## - INFORMACIÓN DE PROCESAMIENTO LOCAL
Información de procesamiento local Inventariado general 2017/LP
956 ## - LOCAL ELECTRONIC LOCATION AND ACCESS (OCLC)
Nombre de host LOPEREZ
Número de acceso 10
Información de compresión 20171129
Trayectoria 0041
Existencias
Withdrawn status Lost status Source of classification or shelving scheme Damaged status Not for loan Collection code Home library Current library Date acquired Source of acquisition Total Checkouts Date last seen Price effective from Koha item type
    Dewey Decimal Classification     Colección General Biblioteca Pública Metropolitana Salomé Ureña Biblioteca Pública Metropolitana Salomé Ureña 11/29/2017 Donación   11/29/2017 11/29/2017 Libros